logo

Bir Sreshtho Munshi Abdur Rouf Library
Jhenaidah Cadet College

কলম্বাসের আমেরিকা আবিস্কার এবং বহুজাতিক মানুষেরা / (Record no. 14493)

MARC details
000 -LEADER
fixed length control field 01051nam a22002417a 4500
001 - CONTROL NUMBER
JCCL Control Number 14493
003 - CONTROL NUMBER IDENTIFIER
JCCL marc code BD-JhCC
005 - DATE AND TIME OF LATEST TRANSACTION
control field 20251214102623.0
008 - FIXED-LENGTH DATA ELEMENTS--GENERAL INFORMATION
fixed length control field 251214b |||||||| |||| 00| 0 eng d
020 ## - INTERNATIONAL STANDARD BOOK NUMBER
International Standard Book Number 9847000000644
035 ## - SYSTEM CONTROL NUMBER
system control number (BD-JhCC) 14493
040 ## - CATALOGING SOURCE
Original cataloging agency BD-JhCC
Modifying agency BD-JhCC
041 ## - LANGUAGE CODE
Language code of Book বাংলা
082 ## - DEWEY DECIMAL CLASSIFICATION NUMBER
DDC Edition number 23
Classification number 970.01
Author mark and Year ANU 2021
100 ## - MAIN ENTRY--PERSONAL NAME
Personal name মুহাম্মদ, আনু
245 ## - TITLE STATEMENT
Title কলম্বাসের আমেরিকা আবিস্কার এবং বহুজাতিক মানুষেরা /
Statement of responsibility, etc আনু মুহাম্মদ
246 ## - VARYING FORM OF TITLE
Title proper/short title Calombaser America Abisker
260 ## - PUBLICATION, DISTRIBUTION, ETC. (IMPRINT)
Place of publication, distribution, etc ঢাকা:
Name of publisher, distributor, etc জাতীয় সাহিত্য প্রকাশ,
Date of publication, distribution, etc ২০২১
300 ## - PHYSICAL DESCRIPTION
Pagination ১১১ পৃ.;
Dimensions ২২ সেমি.
Accompanying material পেপার বাইন্ডিং
650 ## - SUBJECT ADDED ENTRY--TOPICAL TERM
Topical term or geographic name as entry element কলম্বাসের আমেরিকা আবিষ্কার ও সেখানে বহুজাতিক মানুষের ইতিহাস
942 ## - ADDED ENTRY ELEMENTS (KOHA)
Source of classification or shelving scheme Dewey Decimal Classification
Koha item type Books
Holdings
Source of classification or shelving scheme Damaged status Not for loan Collection code Home library Current library Shelving location Date of accession Cost, normal purchase price Full call number Barcode Date last seen Copy number Method of acquisition Koha item type Currency
Dewey Decimal Classification     Non-fiction JCC Rouf Library JCC Rouf Library General Stacks 12/17/2025 230.00 970.01 ANU 2021 20351 12/14/2025 C-1 Purchase Books BDT

JCC Library | Contacts | JCC Home

Last Update on 23 September 2017
Copyright @ 2017-2020 JCC Rouf Library
Rouf Library, Jhenidah Cadet College (JCC), Bangladesh